Language Quiz

Random Language Quiz
Score 0/18 Timer 04:00
1 Play Today
Answer % Correct
bongo
92.3%
flamingo
90.9%
mango
90.2%
dingo
88.9%
Tango
83.8%
Ringo
80.2%
BINGO
79.3%
Rango
64.9%
Pongo
53.2%
Answer % Correct
Durango
48.4%
Congo
36.2%
Lingo
31.2%
Mongo
24.4%
Placido Domingo
14.4%
Mingo
11.2%
fungo
11.1%
Wingo
8.8%
Fandango
6.7%
Remove Ads.
Support Sporcle.
Get the best of Sporcle when you Go Orange. This ad-free experience offers more features, more stats, and more fun while also helping to support Sporcle. Thank you for becoming a member.

You're not logged in!

Compare scores with friends on all Sporcle quizzes.
OR
Log In

Show Comments

Extras

Top Quizzes Today


Score Distribution

Your Account Isn't Verified!

In order to create a playlist on Sporcle, you need to verify the email address you used during registration. Go to your Sporcle Settings to finish the process.

Report this User

Report this user for behavior that violates our Community Guidelines.

Details: